Quizzes
Events
Quiz Creation
Community
Videos
Private Events
Remove Ads
Sign In
Join for FREE
Feedback
Dark Mode
Quiz Categories
Sports
Geography
Music
Movies
Television
Just For Fun
Miscellaneous
History
Literature
Language
Science
Gaming
Entertainment
Religion
Holiday
For Kids
Quiz Lab
Recent
Popular Today
Quiz Kudos Today
Editor Picks
Curator Picks
Quizzes by...
Day
Popularity
Type
Ratings
Length
Year
Community
Subscriptions
Recent Discussions
Orange Saloon
Badges
Playlists
Quests
Create
Leaderboards
Showdown
Live 5
Trivia Bingo
Activity
Puzzle Library
Sporcle Events
Private Events
Virtual Trivia
Globe League
Become a Host
Pub Owners
SporcleCon
Opinionation
Our Games
Videos
Blog
Mobile Apps
Partnerships
Remove Ads and Go Orange
Feedback
Music
Pop Music
The Beatles
Song
Album
Lyrics
Bands
Singers
Artist
Clip
Rock
Rap
Classical
Billboard
Country Music
Kpop
Taylor Swift
Music
Pop Music
The Beatles
Song
Album
Lyrics
Bands
Singers
Artist
Clip
Rock
Rap
Classical
Billboard
Country Music
Kpop
Taylor Swift
Random Quiz
Search Sporcle
×
Quiz Lab
Quiz Lab
Music
Album
Type in answers that appear in a list
Type in answers that appear in a list
Classic
Best Score? Go Orange.
The Complete Bouncing Souls Stats
Can you name the The Complete Bouncing Souls?
By
MRoren
15m
238 Questions
22 Plays
22 Plays
22 Plays
Comments
Comments
Give Quiz Kudos
Give Quiz Kudos
-
- Ratings
hide this ad
Replay
Link that replays current quiz
Next Quiz
Link to next quiz in quiz playlist
You Got
0%
They Got
Avg Score
55%
Avg Friend Score
Upgrade to see
Score Distribution
Jump to the score distribution portion of the page
Score
0/238
Timer
15:00
0
Plays Today
Album
Songs
% Correct
Johnny X
The Ballad Of Johnny X
95.5%
Maniacal Laughter
The Ballad Of Johnny X
95.5%
The Bad, the Worse, and the Out of Print
The Ballad of Johnny X
95.5%
Live (Continued)
The Ballad of Johnny X
95.5%
Maniacal Laughter
Argyle
90.9%
Tie One On
Argyle
90.9%
Tie One On
Kid
90.9%
Hopeless Romantic
Hopeless Romantic
90.9%
Hopeless Romantic
Kid
90.9%
How I Spent My Summer Vacation
True Believers
90.9%
Live
Kid
90.9%
Live
Argyle
90.9%
Live (Continued)
Hopeless Romantic
90.9%
Live (Continued)
True Believers
90.9%
Live At Lime With Bouncing Souls
True Believers
90.9%
Neurotic.
Neurotic
86.4%
Neurotic.
I Like Your Mom
86.4%
Tales Of Doomed Romance By...
Born To Lose
86.4%
The Good, the Bad, and the Argyle
I Like Your Mom
86.4%
The Good, the Bad, and the Argyle
Neurotic
86.4%
Maniacal Laughter
Lamar Vannoy
86.4%
Maniacal Laughter
Born To Lose
86.4%
Tie One On
Lamar Vannoy
86.4%
Tie One On
Born To Lose
86.4%
How I Spent My Summer Vacation
That Song
86.4%
The Bad, the Worse, and the Out of Print
Lamar Vannoy
86.4%
The Bad, the Worse, and the Out of Print
Born to Lose
86.4%
The Bad, the Worse, and the Out of Print
Neurotic
86.4%
Live
That Song
86.4%
Live
I Like Your Mom
86.4%
Live (Continued)
Lamar Vannoy
86.4%
Live (Continued)
Born To Lose
86.4%
The Gold Record
The Gold Song
86.4%
Live At Generation Records, NYC: April 18, 2009
Lamar Vannoy
86.4%
Live At Generation Records, NYC: April 18, 2009
I Like Your Mom
86.4%
Ugly Bill
P.M.R.C.
81.8%
The Green Ball Crew e.p.
P.M.R.C.
81.8%
The Argyle e.p.
Old School
81.8%
The Argyle e.p.
Joe Lies (When He Cries...)
81.8%
The Good, the Bad, and the Argyle
Joe Lies (When He Cries...)
81.8%
The Good, the Bad, and the Argyle
Old School
81.8%
Johnny X
Here We Go
81.8%
Maniacal Laughter
Here We Go
81.8%
Maniacal Laughter
Moon Over Asbury
81.8%
The Bouncing Souls
Cracked
81.8%
The Bouncing Souls
Kate Is Great
81.8%
Tie One On
Kate Is Great
81.8%
Tie One On
Here We Go
81.8%
Hopeless Romantic
'87
81.8%
The Bad, the Worse, and the Out of Print
P.M.R.C.
81.8%
The Bad, the Worse, and the Out of Print
Here We Go
81.8%
Live
Here We Go
81.8%
Live
Cracked
81.8%
Live
Joe Lies
81.8%
Live (Continued)
Kate Is Great
81.8%
The Gold Record
The Pizza Song
81.8%
Live At Generation Records, NYC: April 18, 2009
Here We Go
81.8%
Live At Generation Records, NYC: April 18, 2009
Joe Lies (When He Cries)
81.8%
Maniacal Laughter
No Rules
77.3%
The Bouncing Souls
Say Anything
77.3%
Tie One On
Say Anything
77.3%
Hopeless Romantic
¡Olé!
77.3%
How I Spent My Summer Vacation
Private Radio
77.3%
How I Spent My Summer Vacation
Gone
77.3%
Live
Say Anything
77.3%
Live
Private Radio
77.3%
Live (Continued)
Gone
77.3%
Live (Continued)
Ole
77.3%
Complete Control Recording Sessions
Gone
77.3%
The Good, the Bad, and the Argyle
Candy
72.7%
The Bouncing Souls
East Side Mags
72.7%
Hopeless Romantic
Fight To Live
72.7%
Hopeless Romantic
Monday Morning Ant Brigade
72.7%
Anchors Aweigh
Apartment 5F
72.7%
Anchors Aweigh
Anchors Aweigh
72.7%
Live (Continued)
Anchors Aweigh
72.7%
Live (Continued)
Apartment 5F
72.7%
Live (Continued)
Fight To Live
72.7%
Comet
Comet
72.7%
The Argyle e.p.
These Are The Quotes From Our Favorite 80s Movies
68.2%
Album
Songs
% Correct
The Good, the Bad, and the Argyle
These Are The Quotes From Our Favorite 80's Movies
68.2%
The Good, the Bad, and the Argyle
I Know What Boys Like
68.2%
Maniacal Laughter
The Freaks, Nerds, and Romantics
68.2%
The Bouncing Souls
Lowlife
68.2%
The Bouncing Souls
Single Successful Guy
68.2%
Hopeless Romantic
Night On Earth
68.2%
Hopeless Romantic
Wish Me Well (You Can Go to Hell)
68.2%
Hopeless Romantic
It's Not the Heat, It's the Humanity
68.2%
How I Spent My Summer Vacation
The Something Special
68.2%
Anchors Aweigh
Kids And Heroes
68.2%
Live
Kids And Heroes
68.2%
Live
The Something Special
68.2%
Live (Continued)
The Freaks, The Nerds, And The Romantics
68.2%
Live (Continued)
Night On Earth
68.2%
Complete Control Recording Sessions
The Freaks, the Nerds and the Romantics
68.2%
Live At Generation Records, NYC: April 18, 2009
The Freaks, The Nerds & The Romantics
68.2%
Live At Generation Records, NYC: April 18, 2009
Night On Earth
68.2%
Johnny X
Headlights... Ditch!
63.6%
Maniacal Laughter
Headlights Ditch
63.6%
The Bouncing Souls
The Screamer
63.6%
The Bouncing Souls
Shark Attack
63.6%
Hopeless Romantic
Bullying the Jukebox
63.6%
Hopeless Romantic
You're So Rad
63.6%
How I Spent My Summer Vacation
Lifetime
63.6%
How I Spent My Summer Vacation
Manthem
63.6%
BYO Split Series Volume IV
Punks in Vegas
63.6%
Live
Punx In Vegas
63.6%
Live (Continued)
Manthem
63.6%
The Gold Record
So Jersey
63.6%
The Good, the Bad, and the Argyle
Deadbeats
59.1%
The Bouncing Souls
Chunksong
59.1%
The Bouncing Souls
Party At 174
59.1%
Tie One On
Chunksong
59.1%
BYO Split Series Volume IV
That's Youth
59.1%
BYO Split Series Volume IV
We're Coming Back
59.1%
Anchors Aweigh
Born Free
59.1%
Anchors Aweigh
Night Train
59.1%
Live
Born Free
59.1%
The Gold Record
Lean on Sheena
59.1%
20th Anniversary Series Volume One
Gasoline
59.1%
Live At Generation Records, NYC: April 18, 2009
Gasoline
59.1%
Live At Lime With Bouncing Souls
Gasoline
59.1%
The Green Ball Crew e.p.
Wig
54.5%
The Good, the Bad, and the Argyle
Lay 'Em Down And Smack 'Em, Yack 'Em
54.5%
Maniacal Laughter
The BMX Song
54.5%
Anchors Aweigh
Blind Date
54.5%
20th Anniversary Series Volume Three
Badass
54.5%
Neurotic.
The Guest
50%
Bouncing Souls /
Weston
Kids In America
50%
The Good, the Bad, and the Argyle
The Guest
50%
The Bouncing Souls
East Coast **** You!
50%
The Bouncing Souls
I Like Your Eyes
50%
Tie One On
East Coast! **** You!
50%
How I Spent My Summer Vacation
Broken Record
50%
How I Spent My Summer Vacation
Break-Up Song
50%
How I Spent My Summer Vacation
Late Bloomer
50%
The Bad, the Worse, and the Out of Print
Kids in America
50%
The Bad, the Worse, and the Out of Print
Don't You (Forget About Me)
50%
The Bad, the Worse, and the Out of Print
East Coast! **** You!
50%
Anchors Aweigh
Simple Man
50%
Anchors Aweigh
Todd's Song
50%
Anchors Aweigh
Highway Kings
50%
Anchors Aweigh
The Day I Turned My Back On You
50%
Live
East Coast! **** You!
50%
The Gold Record
Sarah Saturday
50%
The Gold Record
Better Things
50%
The Gold Record
Letter From Iraq
50%
20th Anniversary Series Volume Three
Ghosts on the Boardwalk
50%
20th Anniversary Series Volume Four
Ghosts on the Boardwalk (acoustic)
50%
Complete Control Recording Sessions
Highway Kings
50%
Complete Control Recording Sessions
The Guest
50%
Live At Generation Records, NYC: April 18, 2009
Ghosts On The Boardwalk
50%
Comet
DFA
50%
Comet
Baptized
50%
Tales Of Doomed Romance By...
QuickChek Girl
45.5%
The Good, the Bad, and the Argyle
Inspection Station
45.5%
Maniacal Laughter
All Of This And Nothing
45.5%
Maniacal Laughter
Quick Chek Girl
45.5%
The Bad, the Worse, and the Out of Print
Quick Chek Girl
45.5%
The Bad, the Worse, and the Out of Print
Slave to Fashion
45.5%
Album
Songs
% Correct
BYO Split Series Volume IV
Bryan's Lament
45.5%
Anchors Aweigh
Better Days
45.5%
The Gold Record
Midnight Mile
45.5%
20th Anniversary Series Volume Two
Dubs Says True
45.5%
Live At Generation Records, NYC: April 18, 2009
Quick Chek Girl
45.5%
Comet
Static
45.5%
The Bouncing Souls
Serenity
40.9%
BYO Split Series Volume IV
No Security
40.9%
BYO Split Series Volume IV
Less Than Free
40.9%
The Gold Record
For All the Unheard
40.9%
Comet
Infidel
40.9%
Comet
We Love Fun
40.9%
Neurotic.
Some Kind of Wonderful
36.4%
The Good, the Bad, and the Argyle
Some Kind of Wonderful
36.4%
The Bouncing Souls
Whatever I Want (Whatever That Is)
36.4%
Hopeless Romantic
The Whole Thing
36.4%
The Bad, the Worse, and the Out of Print
St. Jude's Day
36.4%
The Bad, the Worse, and the Out of Print
Pervert
36.4%
Anchors Aweigh
New Day
36.4%
20th Anniversary Series Volume One
Airport Security
36.4%
Comet
Ship In A Bottle
36.4%
Comet
Coin Toss Girl
36.4%
The Green Ball Crew e.p.
Kicked
31.8%
The Green Ball Crew e.p.
Hate
31.8%
The Bouncing Souls
The Toilet Song
31.8%
The Bouncing Souls
Holiday Cocktail Lounge
31.8%
Hopeless Romantic
Undeniable
31.8%
How I Spent My Summer Vacation
Streetlight Serenade (To No One)
31.8%
The Bad, the Worse, and the Out of Print
Like a Fish in Water
31.8%
Anchors Aweigh
Sing Along Forever
31.8%
Anchors Aweigh
I'm From There
31.8%
Live
Sing Along Forever
31.8%
The Gold Record
Sounds of the City
31.8%
20th Anniversary Series Volume Four
Never Say Die - When You're Young
31.8%
Live At Lime With Bouncing Souls
Sing Along Forever
31.8%
The Green Ball Crew e.p.
Dirt
27.3%
How I Spent My Summer Vacation
No Comply
27.3%
The Bad, the Worse, and the Out of Print
Code Blue
27.3%
The Bad, the Worse, and the Out of Print
Dirt
27.3%
The Gold Record
The Messenger
27.3%
The Gold Record
The New Thing
27.3%
20th Anniversary Series Volume Three
Boogie Woogie Downtown
27.3%
20th Anniversary Series Volume Four
Big Eyes
27.3%
Complete Control Recording Sessions
Hybrid Moments
27.3%
Live At Generation Records, NYC: April 18, 2009
Big Eyes
27.3%
The Green Ball Crew e.p.
Trapped
22.7%
Bouncing Souls /
Weston
Bouncing Souls & Weston - Do They Know It's Christmas?
22.7%
How I Spent My Summer Vacation
Better Life
22.7%
20th Anniversary Series Volume One
We All Sing Along
22.7%
20th Anniversary Series Volume Four
Like The Sun
22.7%
The Bad, the Worse, and the Out of Print
Punk Uprisings Theme
18.2%
Ugly Bill
Ball of Confusion
13.6%
The Green Ball Crew e.p.
Spank
13.6%
The Bad, the Worse, and the Out of Print
Mommy, Can I Go Out and Kill Tonight?
13.6%
The Bad, the Worse, and the Out of Print
Spank
13.6%
The Bad, the Worse, and the Out of Print
Instrumental
13.6%
Anchors Aweigh
Inside Out
13.6%
Anchors Aweigh
I Get Lost
13.6%
20th Anniversary Series Volume One
A Life Less Ordinary
13.6%
20th Anniversary Series Volume Two
I Think The World
13.6%
20th Anniversary Series Volume Two
Mental Bits
13.6%
Live At Lime With Bouncing Souls
I Think The World
13.6%
Live At Lime With Bouncing Souls
The Mental Bits
13.6%
Comet
In Sleep
13.6%
The Bad, the Worse, and the Out of Print
Kicked in the Head
9.1%
Complete Control Recording Sessions
The Fall Song
9.1%
Comet
Fast Times
9.1%
Ugly Bill
In Your Face
4.5%
Demo
Bouncing Souls
4.5%
The Bad, the Worse, and the Out of Print
I Started Drinking Again
4.5%
Live At Generation Records, NYC: April 18, 2009
Good Lookin' Out
4.5%
Non Album Compilation Tracks
Young 'Til I Die (From Let Them Know)
4.5%
Non Album Compilation Tracks
Good Lookin' Out (From Our Impact Will Be Felt : A Tribute To Sick Of It All)
4.5%
Ugly Bill
Shoot-out at Filippo's
0%
Demo
Style Of Action
0%
Demo
Reaching Reaction
0%
Demo
Earth's Mightiest Heros
0%
Non Album Compilation Tracks
Wayfarer (From The Bouncing Souls
0%
Quiz Playlist
Details
Report
Send in Message
Add To Playlist
Classic:
Type in answers that appear in a list
Quiz Source
Last Updated: Feb 16, 2017
Quiz Scoreboard
CHALLENGE
Sign Up to Join the Scoreboard
Show All
Scores
Hide
Comments
May contain spoilers
Recently Published
NBA Finals Game Top Scorers (2010s)
by flibbidy
Sports
5m
Guess the 'R' Things in 3 Words
by MSUKent
Miscellaneous
3m
Actor to Badly Drawn Movie III
by MoMosMoProblems
Movies
5m
More to Explore
Quiz From the Vault
Featured Blog Post
Where Does Lost Luggage Go?
hide this ad
You Might Also Like...
Tags
Album Quiz
Song Quiz
complete
soul
Today's Top Quizzes in Music
Browse Music
hide this ad
Today's Top Quizzes in Album
Browse Album
Top Contributed Quizzes in Music
1
Taylor Swift All Songs (2024)
2
Image Sorting: Rock Albums II
3
Image Sorting: Rock Albums III
4
Image Sorting: Rock Albums IV
5
Image Sorting: Rock Albums V
6
Image Sorting: Rock Albums VI
7
Adjectives in 80s Songs
8
Taylor Swift Logic Puzzle
9
Image Sorting: Album Titles
10
Nickname Match: Musicians
Explore More
Trending Topics
Marvel
Anime
Disney
Crossword
NBA
Kpop
Harry Potter
WWE
Country
Song
Soccer
Pokémon
The Office
NFL
Puzzle
hide this ad
More By:
MRoren
Quiz
Plays
Rating
Category
Featured
Created
Avengers Members
1,160
3.20
Literature
Sep 26, 2010
Ultimate X-Men Members
825
3.00
Literature
Sep 20, 2010
X-Men Age Of Apocalypse teams
801
3.50
Literature
Sep 20, 2010
Christina Aguilera Songs
584
3.67
Music
Aug 21, 2011
Blur Songs
581
3.00
Music
Feb 1, 2012
Go to Creator's Profile
Score Distribution
Quiz Creator Spotlight
MRoren
Follow
Send a Message
Quizzes Created
-
Created Quiz Play Count
-
More By This Creator
Popular Quizzes Today
1
Find the US States - No Outlines Minefield
2
Find the US States
3
The Countries of the World
4
10 Largest US States in Order
5
Find the Countries of Europe - No Outlines Minefield
6
US States
7
Guess the 'R' Things in 3 Words
8
NBA Finals Game Top Scorers (2010s)
More Music Quizzes
Match the Taylor Swift song to who it's about
Quiz Lab
Trending Quizzes
First Name TV: Leading Men
Match the Book to the Film II
First Name TV: Leading Women Drama
3-Word Movies in 1 Word II
Match the Book to the Film VI
Recently Updated
Women's Final Four Teams by Year
bhenderson79
Presidents Quartet II
eogle
Anything But Clue(do)
eogle
Anything But Oceanian Capitals
eogle
Anything But 7
eogle
Anything But Thing
eogle
Word Ladder: February 29
pecheneg
Song Title Questions
pecheneg
Women's NCAA Tournament #1 Seeds
pecheneg
Celebrity Mug Shots
pecheneg
Trending Topics
Disney
Crossword
Harry Potter
Marvel
Kpop
NBA
Anime
Song
Country
NFL
WWE
Soccer
Pokémon
The Office
Puzzle
Your Account Isn't Verified!
In order to create a playlist on Sporcle, you need to verify the email address you used during registration. Go to your
Sporcle Settings
to finish the process.
Report this User
Report this user for behavior that violates our
Community Guidelines
.
Details:
Send Report
Go to the Sporcle.com Mobile Site →
Comments